LEADER 01089nam a2200229 i 4500 001 000000250786 003 CaOOAMICUS 005 20160822000000.0 008 160822s1733 it u000 u fre u 013 $a229691 026 $aE.S, ..E. e,ce JeD. (3) 1733 (R) 040 $aSeMil$bita 245 10$a2. partie. 300 $a[4], 556 p., [8] carte di tav. calcogr. :$bantip., ill. 500 $aSegn.: pg2 A-Z12 2A2. - Lascito Card. C.M. Martini. 500 $aMarca editoriale: Due infanti sorreggono entrambi nella mano una cornucopia. Motto: Ubertas ex foedere et pace Repertorio consultato : Delalain-Marques, BNF. 773 0 $aCorneille, Pierre <1606-1684>$tThéatre de T. Corneille. 1. [-5.] partie.$dA Amsterdam : Chez Zacharie Chatelain, 1733.$bNouvelle edition, revûë, corrigée & augmentée. Enrichie de figures en taille-douce.$g2$w()10837 850 $aSeMil 852 $aSeMil$W1$xVenegono$y1$m2ZA VI 35 FA$j201132$B201132$CSeMilBibl$Z2$F212888 $8I 941 1 $a4 961 $aLascito: Martini Card. Carlo Maria 996 $6245$a2. partie$9(OLS)http://semarc/title/135665 LEADER 00779nam a2200181 i 4500 001 000000054516 003 CaOOAMICUS 005 19970522000000.0 008 970522n xx u000 u eng u 013 $a25688 040 $aSeMil$bita 100 1 $aQuinn, A. James.$0(OLS)http://semarc/name/27161 245 10$aCensorship of obscenity :$ba comparison of Canon Law and American constitutional Law. 650 4$aStati Uniti d'America - Legislazione.$0(OLS)http://semarc/subject/11113 650 4$aTesi di laurea.$0(OLS)http://semarc/subject/1690 850 $aSeMil 852 $aSeMil$W1$xVenegono$y1$m2I I 583$j20670$B20670$CSeMilBibl$Z2$F20672 $81 996 $6245$aCensorship of obscenity :$ba comparison of Canon Law and American constitutional Law$9(OLS)http://semarc/title/84394